| 000 | 01393nam0a2200337 4500 | ||
|---|---|---|---|
| 001 | RU\NLR\BIBL_A\022285795 | ||
| 005 | 20260420012830.0 | ||
| 010 |
_a978-5-04-174430-4 _92000 |
||
| 021 |
_aRU _bКН-П-24-035086 _9КН-П-24-3536 |
||
| 035 | _a(NLR Aleph) 022285795 | ||
| 090 |
_a13661628 _c13661628 |
||
| 100 | _a20240729d2024 d y0rusy50 ca | ||
| 101 | 0 | _arus | |
| 102 | _aRU | ||
| 105 | _aa|||z|||000ay | ||
| 181 | 0 |
_ai2 _baxxe |
|
| 181 | 0 |
_ab2 _bbb2e |
|
| 182 | 0 | _an | |
| 200 | 1 |
_aСлово о полку Игореве _e[сборник переводов и поэтических переложений _eдля среднего школьного возраста] _fиллюстрации Виктора Королькова |
|
| 203 |
_aТекст _aИзображение _bвизуальные _cнепосредственные |
||
| 210 |
_aМосква _cЭксмо _d2024 |
||
| 215 |
_a131, [4] с. _cцв. ил. _d26 |
||
| 225 | 1 | _aВсе великие переводы | |
| 686 | 0 | _aШ9(2)3=Р-1 | |
| 702 | 1 |
_4440 _7ca _8rus _aКорольков _bВ. А. _f1958-2004 _gВиктор Анатольевич _941006 _3RU\NLR\AUTH\7758074 |
|
| 942 | _cBOOK | ||
| 980 | _aNB | ||